| Tag |
First Indicator |
Second Indicator |
Subfields |
| LEADER |
00000cam a2200000 a 4500 |
| 001 |
in00001033921 |
| 005 |
20150928153827.0 |
| 008 |
911101s1991 ilua 001 0 eng d |
| 010 |
|
|
|a 90063316
|
| 020 |
|
|
|a 0881769584 :
|c $29.98
|
| 035 |
|
|
|a (OCoLC)24662010
|
| 035 |
|
|
|9 AFH6430AM
|
| 040 |
|
|
|a VPL
|c VPL
|d TXA
|d UtOrBLW
|
| 049 |
|
|
|a TXAS [mil]
|
| 090 |
|
|
|a VA55
|b .C65 1991
|
| 092 |
|
|
|a 359.00973
|b C737
|
| 245 |
0 |
4 |
|a The complete book of U.S. naval power.
|
| 264 |
|
1 |
|a Lincolnwood IL :
|b Publications International,
|c [1991]
|
| 264 |
|
4 |
|c ©1991
|
| 300 |
|
|
|a 320 pages :
|b chiefly color illustrations ;
|c 33 cm.
|
| 336 |
|
|
|a text
|b txt
|2 rdacontent
|
| 337 |
|
|
|a unmediated
|b n
|2 rdamedia
|
| 338 |
|
|
|a volume
|b nc
|2 rdacarrier
|
| 500 |
|
|
|a Includes index.
|
| 610 |
1 |
0 |
|a United States.
|b Navy
|x Equipment.
|
| 610 |
1 |
0 |
|a United States.
|b Navy
|x History.
|
| 740 |
0 |
|
|a U.S. naval power.
|
| 999 |
|
|
|a MARS
|
| 999 |
f |
f |
|s 0389d0d0-c750-3218-b244-c69003dcae85
|i 423e9598-0c54-3fdc-895a-151414aa2d82
|t 0
|
| 952 |
f |
f |
|p noncirc
|a Texas A&M University
|b College Station
|c Cushing Memorial Library & Archives
|d Cushing: Ragan Military (Does not check out)
|t 0
|e VA55 .C65 1991
|h Library of Congress classification
|i unmediated -- volume
|
| 998 |
f |
f |
|a VA55 .C65 1991
|t 0
|l Cushing: Ragan Military (Does not check out)
|